Fate/Stay Night and Fate/Zero Servants - Statistics

General Stats
  • This quiz has been taken 242 times
  • The average score is 15 of 30
Answer Stats
Hint Answer % Correct
Archer Gilgamesh
92%
Archer EMIYA
89%
Saber Artoria Pendragon
88%
Saber Artoria Pendragon
88%
Berserker Heracles
88%
Rider Medusa
84%
Rider Iskandar
78%
Berserker Lancelot
77%
Lancer Cu Chulainn
74%
Caster Medea
69%
Emiya Shirou
57%
Caster Gilles de Rais
52%
Tohsaka Rin
52%
Lancer Diarmuid ua Duibhne
48%
Emiya Kiritsugu
48%
Matou Sakura
47%
Kotomine Kirei
45%
Kotomine Kirei
45%
Illyasviel von Einzbern
38%
True Assassin Hassan of the Cursed Arm
30%
Waver Velvet
30%
Asssassin Sasaki Kojirou
28%
Tohsaka Tokiomi
23%
Lord El-Melloi
21%
Matou Kariya
21%
Caster
19%
Matou Zouken
18%
Souichirou Kuzuki
16%
Ryuunosuke Uryuu
8%
Assassin Hasson of the Hundred Faces
6%
No matching quizzes found
Score Distribution
Percent of People with Each Score
Percentile by Number Answered
Your Score History
You have not taken this quiz